LEADER 00947cam0 2200277 450 001 E600200033347 005 20151006130247.0 100 $a20080121d2007 |||||ita|0103 ba 101 $aita 102 $aIT 200 1 $aGiurisprudenza civile 2007$eGuida ragionata per la prova scritta dell'esame di avvocato e uditore giudiziario$fRoberto Giovagnoli 210 $aMilano$cGiuffrè$d2007 215 $aXXVII, 717$d24 cm 225 2 $aPercorsi 300 $a(rp) 410 1$1001LAEC00023283$12001 $a*Percorsi 700 1$aGiovagnoli$b, Roberto$3A600200029507$4070$0304774 801 0$aIT$bUNISOB$c20151006$gRICA 850 $aUNISOB 852 $aUNISOB$j340$m137091 912 $aE600200033347 940 $aM 102 Monografia moderna SBN 941 $aM 957 $a340$b007875$gSI$d137091$racquisto$1pomicino$2UNISOB$3UNISOB$420080121081149.0$520151006130236.0$6catenacci 996 $aGiurisprudenza civile 2007$91683952 997 $aUNISOB LEADER 01236nam0 22003131i 450 001 RML0296199 005 20231121125739.0 010 $a1586484648 100 $a20121121d2006 ||||0itac50 ba 101 | $aeng 102 $aus 181 1$6z01$ai $bxxxe 182 1$6z01$an 200 1 $aChina$ethe balance sheet$fC. Fred Bergsten...[et al.] 210 $aNew York $cPublic Affaires $d©2006 215 $aXIII, 206 p.$d22 cm 300 $aSul verso dell'occhiello: Institute for International Economics, Centre for Strategic and International Studies 676 $a951$9STORIA. CINA E REGIONI ADIACENTI$v21 702 1$aBergsten$b, C. Fred$3RMLV191336 712 02$aCentre for Strategic and International Studies$3RMLV191334 712 02$aInstitute for International Economics$3RMLV191335 801 3$aIT$bIT-01$c20121121 850 $aIT-FR0098 899 $aBiblioteca Area Giuridico Economica$bFR0098 912 $aRML0296199 950 0$aBiblioteca Area Giuridico Economica$d 53DIMET 951/3$e 53VM 0000659505 VM barcode:BAGE000972. - Inventario:129. - Fondo:Sala consultazioneVM$fA $h20070202$i20121204 977 $a 53 996 $aChina$92482937 997 $aUNICAS